It looks like you're offline.
Open Library logo
additional options menu

MARC record from Internet Archive

LEADER: 00771nam 2200205u 4500
001 8251876
005 00000000000000.0
008 810211s1834 pau 000 0 eng
035 $9(DLC) 20006157
906 $a0$bcbc$cpremunv$du$encip$f19$gy-gencatlg
010 $a 20006157
040 $aDLC$cCarP$dDLC
050 00 $aE449$b.A88
100 1 $aAtlee, Edwin Pitt,$d1799-1836. [from old catalog]
245 03 $aAn address, delivered before the Female anti-slavery society of Philadelphia,
260 $aPhiladelphia,$bPrinted by T. K. Collins & co.,$c1834.
300 $ap. cm.
350 $a] 1. Slavery in the United States--Controversial literature--1834.
730 $aPhiladelphia female anti-slavery society. [from old catalog]
991 $bc-GenColl$hE449$i.A88$tCopy 1$wPREM